[Event "8th Holuj-Radzikowska Rapid 2018"]
[Site "Wroclaw"]
[Date "2018.12.10"]
[Round "1"]
[White "Harika, Dronavalli"]
[Black "Kulon, Klaudia"]
[Result "0-1"]
[WhiteElo "2494"]
[BlackElo "2333"]
[Annotator "TA"]
[PlyCount "92"]
[EventDate "2018.11.26"]
[EventType "schev"]
[EventCountry "POL"]
[SourceTitle "playchess.com"]
[Source "ChessBase"]
[SourceQuality "1"]
[WhiteTeam "World"]
[BlackTeam "Poland"]
[BlackTeamCountry "POL"]

{[%evp 10,92,18,0,0,-66,0,-6,0,0,31,0,23,43,41,0,22,10,32,-12,74,64,142,140,187,192,189,194,194,194,188,189,282,173,199,166,181,112,116,48,100,120,255,258,241,95,102,35,38,27,75,77,62,65,54,39,9,-68,0,-82,0,-12,0,-395,-394,-547,-565,-554,-545,-591,-487,-734,-719,-733,-713,-29962,-29962,-29964,-29965,-29963,-29965,-6016,-5935,-29971,-29974]} 1. d4 Nf6 2. Bg5 d5 3. e3 c5 4. Bxf6 gxf6 5. dxc5 Nc6 6. Nd2 {LiveBook: 7 Games. D00: 1 d4 d5: Unusual lines} e5 7. e4 $146 (7. Nb3 $11) ({Predecessor:} 7. Nb3 Bxc5 8. Nxc5 Qa5+ 9. c3 Qxc5 10. Nf3 Rg8 11. g3 Bg4 12. Be2 O-O-O 13. O-O {0-1 (40) Martinovic,S (2542)-Heimann,A (2551) Zillertal 2015}) 7... d4 (7... Be6 $15 8. Ngf3 Rg8) 8. Nb3 {The position is equal.} Be6 9. Nf3 a5 10. a4 Bxb3 11. cxb3 Bxc5 12. Bc4 Bb4+ 13. Kf1 f5 14. Qc2 Qf6 (14... fxe4 $11 {keeps the balance.} 15. Qxe4 Qd6) 15. exf5 $16 O-O ({Better is} 15... O-O-O $14) 16. Qe4 Kh8 17. g4 Qh6 18. h4 f6 19. Rd1 Rad8 20. Kg2 Qg7 (20... Qf4 $142 21. Qxf4 exf4) 21. g5 Ne7 22. Be6 ({Don't take} 22. Qxb7 $6 Nxf5 23. Qxg7+ Kxg7 $14) 22... Nc8 23. Bxc8 (23. g6 $18) 23... Rxc8 24. Kf1 (24. g6 $16) 24... Rc5 (24... Qg8 $14) 25. Rg1 Qf7 (25... Rc7 $16 {was worth a try.}) 26. g6 $1 $18 {[%cal Rg6f7]} Qg7 27. gxh7 (27. Nh2 $18 {and White stays clearly on top.}) 27... Qf7 $16 28. Qg4 (28. Rg6 $16) 28... Rc7 $14 {[%cal Bc5c7,Bc7g7,Bg7g8,Bg8d8][%mdl 32]} 29. h5 Qxb3 {[%mdl 64] [#] Double Attack} 30. Nh4 $1 Qc4+ 31. Kg2 {Rc1! is the strong threat.} Rg7 32. Ng6+ {[%mdl 64] Double Attack} Kxh7 33. Kh1 (33. h6 $11 Rgg8 34. Kh2) 33... Rc8 (33... Qd5+ $15 34. Kh2 Rfg8) 34. f3 {[#]} (34. h6 $11 Rgg8 35. Qh5 Qd5+ 36. f3) 34... Qd5 ({Black should try} 34... Kh6 $1 $17 35. Rg2 d3 36. Qxc4 Rxc4 37. Rxd3 Rd4 38. Rxd4 exd4) 35. Rg2 d3 {Hoping for ...Rgg8.} 36. Kh2 $2 {[%mdl 8192]} (36. Ne7 $11 {and White stays safe.} Rxg4 37. Nxd5 Rh4+ 38. Rh2) 36... Rgg8 37. Qe4 Qxe4 38. fxe4 Rgd8 39. Nh4 Rc4 40. Rdg1 (40. Rg4 $142 d2 41. Nf3) 40... Rd7 41. h6 d2 42. Rg7+ Rxg7 43. hxg7 Kg8 44. Nf3 Rc1 45. Nxd2 Rxg1 46. Kxg1 Bxd2 {Accuracy: White = 42%, Black = 46%.} 0-1

[Event "8th Holuj-Radzikowska Rapid 2018"]
[Site "Wroclaw"]
[Date "2018.12.10"]
[Round "1"]
[White "Paehtz, Elisabeth"]
[Black "Warakomska, Anna"]
[Result "1/2-1/2"]
[WhiteElo "2487"]
[BlackElo "2233"]
[Annotator "TA"]
[PlyCount "109"]
[EventDate "2018.11.26"]
[EventType "schev"]
[EventCountry "POL"]
[SourceTitle "playchess.com"]
[Source "ChessBase"]
[SourceQuality "1"]
[WhiteTeam "World"]
[BlackTeam "Poland"]
[BlackTeamCountry "POL"]

{[%evp 13,109,4,9,5,9,-37,14,0,15,14,14,8,25,-4,30,38,48,40,41,33,31,0,33,-6,0,-11,0,0,0,0,0,0,0,0,0,0,0,0,0,0,0,-7,0,-14,0,-9,0,0,0,0,0,0,0,0,0,0,0,0,0,0,0,0,0,0,0,0,0,0,0,0,0,0,0,0,0,0,0,0,0,0,0,0,0,0,0,0,0,0,0,0,0,0,0,0,0,0,0,0]} 1. d4 d5 2. Nf3 Nf6 3. c4 c6 4. Qb3 dxc4 5. Qxc4 Bg4 6. Bf4 {D23: Queen's Gambit Accepted: 3 Nf3 Nf6 sidelines} Nbd7 7. Nbd2 e6 {LiveBook: 5 Games} 8. e3 Be7 9. h3 $146 ({Predecessor:} 9. Ne5) 9... Bh5 (9... Bxf3 $15 10. Nxf3 Qa5+ 11. Kd1 O-O) 10. Qb3 Qb6 11. Be2 O-O 12. O-O c5 (12... Nd5 {keeps more tension.} 13. Bg3 Rfc8 14. Qd1 c5 15. e4 N5f6) 13. dxc5 Qxb3 (13... Nxc5 {is more complex.} 14. Qxb6 axb6 15. g4 Bg6 16. Ne5 Na4) 14. Nxb3 Nxc5 15. Nxc5 Bxc5 16. Rfc1 Rac8 17. Kf1 Rfd8 18. Bg5 Be7 {The position is equal.} 19. Nd4 {[#] And now Bxh5 would win.} Bxe2+ 20. Kxe2 h6 21. Bf4 Nd5 22. Be5 Bf6 (22... f6 {seems wilder.} 23. Bg3 e5 24. Nb3 Nc7 25. Na5 Ne6) 23. Bxf6 Nxf6 24. a3 {[%cal Ba2a3,Ba3a4,Ba4a5][%mdl 32]} Kf8 25. Nb3 Ne4 26. f3 Nd6 27. Na5 Ke7 28. e4 e5 29. a4 Ke6 30. Nb3 b6 31. a5 Rxc1 32. Rxc1 Rc8 33. Rxc8 Nxc8 34. axb6 axb6 $11 {[%mdl 4096] Endgame KN-KN} 35. Kd3 Nd6 36. Na1 f5 37. Nc2 fxe4+ 38. fxe4 b5 39. Ne3 h5 40. Nd5 g6 41. b3 Kf7 42. Ke3 Ke6 43. Nb4 Kf7 44. Nd3 Kf6 45. Nc5 Ke7 46. Kd3 Kf6 47. h4 g5 48. hxg5+ Kxg5 49. Ke3 Kg4 50. Nd7 Nf7 {[#] aiming for ...Kg3.} 51. Nf6+ $1 Kg5 52. Nd5 Kg4 {...Kg3 is the strong threat.} 53. Nf6+ Kg5 54. Nd5 $1 Kg4 {White must now prevent ...Kg3.} 55. Nf6+ {Accuracy: White = 72%, Black = 71%.} 1/2-1/2

[Event "8th Holuj-Radzikowska Rapid 2018"]
[Site "Wroclaw"]
[Date "2018.12.10"]
[Round "1"]
[White "Socko, Monika"]
[Black "Skripchenko, Almira"]
[Result "1-0"]
[WhiteElo "2458"]
[BlackElo "2408"]
[Annotator "ChessBase"]
[PlyCount "149"]
[EventDate "2018.11.26"]
[EventType "schev"]
[EventCountry "POL"]
[SourceTitle "playchess.com"]
[Source "ChessBase"]
[SourceQuality "1"]
[WhiteTeam "Poland"]
[BlackTeam "World"]
[WhiteTeamCountry "POL"]
[TimeControl "900+10"]

1. e4 {[%emt 0:00:00]} d6 {[%emt 0:00:04]} 2. d4 {[%emt 0:00:00]} Nf6 {[%emt 0:00:01]} 3. Nc3 {[%emt 0:00:03]} e5 {[%emt 0:00:03]} 4. Nf3 {[%emt 0:00:02]} Nbd7 {[%emt 0:00:02]} 5. Bc4 {[%emt 0:00:03]} Be7 {[%emt 0:00:03]} 6. a4 {[%emt 0:00:01]} O-O {[%emt 0:00:14]} 7. a5 {[%emt 0:00:02]} a6 {[%emt 0:00:06]} 8. O-O {[%emt 0:00:04]} h6 {[%emt 0:00:11]} 9. Re1 {[%emt 0:00:16]} exd4 {[%emt 0:00:26]} 10. Qxd4 {[%emt 0:00:16]} Ne5 {[%emt 0:00:09]} 11. Be2 {[%emt 0:00:52]} Be6 {[%emt 0:03:08]} 12. Bf4 {[%emt 0:00:50]} Nc6 {[%emt 0:00:25]} 13. Qd2 {[%emt 0:00:36]} Re8 {[%emt 0:00:14]} 14. h3 {[%emt 0:00:29]} Bf8 {[%emt 0:00:16]} 15. Bf1 {[%emt 0:00:02]} Nd7 {[%emt 0:02:02]} 16. Nd5 {[%emt 0:00:26]} Nde5 {[%emt 0:00:05]} 17. Ra3 {[%emt 0:02:39]} Ng6 {[%emt 0:00:52]} 18. Bg3 {[%emt 0:00:40]} Qd7 {[%emt 0:00:49]} 19. c4 {[%emt 0:01:04]} f5 {[%emt 0:01:21]} 20. b4 {[%emt 0:00:19]} Nce5 {[%emt 0:02:27]} 21. exf5 {[%emt 0:00:50]} Bxf5 {[%emt 0:00:06]} 22. Nd4 {[%emt 0:00:10]} Rec8 {[%emt 0:02:30]} 23. f4 {[%emt 0:02:01]} Nc6 {[%emt 0:00:05]} 24. Nxf5 {[%emt 0:01:40]} Qxf5 {[%emt 0:00:01]} 25. Be2 {[%emt 0:00:56]} h5 {[%emt 0:01:07]} 26. Ne3 {[%emt 0:01:25]} Qe4 {[%emt 0:00:31]} 27. Bxh5 {[%emt 0:00:10]} Nge7 {[%emt 0:01:20]} 28. Bf3 {[%emt 0:00:22]} Qg6 {[%emt 0:00:11]} 29. Bf2 {[%emt 0:00:13]} Qf6 {[%emt 0:00:22]} 30. Nd5 {[%emt 0:00:24]} Nxd5 {[%emt 0:00:20]} 31. Bxd5+ {[%emt 0:00:01]} Kh8 {[%emt 0:00:01]} 32. Rg3 {[%emt 0:00:12]} Re8 {[%emt 0:00:15]} 33. Rg5 {[%emt 0:00:18]} Rxe1+ {[%emt 0:00:13]} 34. Qxe1 {[%emt 0:00:02]} g6 {[%emt 0:00:03]} 35. Qe4 {[%emt 0:00:22]} Kh7 {[%emt 0:00:13]} 36. Bxc6 {[%emt 0:01:06]} bxc6 {[%emt 0:00:01]} 37. Bd4 {[%emt 0:00:01]} Re8 {[%emt 0:00:37]} 38. Qxe8 {[%emt 0:00:29]} Qxd4+ {[%emt 0:00:01]} 39. Kh1 {[%emt 0:00:01]} Qf6 {[%emt 0:00:06]} 40. Qe4 {[%emt 0:00:39]} Bg7 {[%emt 0:00:09]} 41. Kh2 {[%emt 0:00:06]} Bh6 {[%emt 0:00:18]} 42. Rg4 {[%emt 0:00:04]} d5 {[%emt 0:00:09]} 43. cxd5 {[%emt 0:00:22]} cxd5 {[%emt 0:00:00]} 44. Qxd5 {[%emt 0:00:22]} Bxf4+ {[%emt 0:00:04]} 45. g3 {[%emt 0:00:00]} Bd6 {[%emt 0:00:02]} 46. Qd2 {[%emt 0:00:08]} Qe6 {[%emt 0:00:37]} 47. Rh4+ {[%emt 0:00:07]} Kg8 {[%emt 0:00:01]} 48. Qc2 {[%emt 0:00:13]} Qf6 {[%emt 0:00:22]} 49. Rg4 {[%emt 0:00:12]} Kh7 {[%emt 0:00:10]} 50. h4 {[%emt 0:00:06]} Qe6 {[%emt 0:00:02]} 51. Qe4 {[%emt 0:00:10]} Qf6 {[%emt 0:00:17]} 52. Qe2 {[%emt 0:00:12]} Qf5 {[%emt 0:00:09]} 53. Rg5 {[%emt 0:00:07]} Qf6 {[%emt 0:00:09]} 54. Qc2 {[%emt 0:00:13]} Kh6 {[%emt 0:00:15]} 55. Rg4 {[%emt 0:00:09]} Qe6 {[%emt 0:00:09]} 56. Qd2+ {[%emt 0:00:08]} Kh7 {[%emt 0:00:01]} 57. Rd4 {[%emt 0:00:12]} Qe5 {[%emt 0:00:08]} 58. Rd3 {[%emt 0:00:02]} Qe4 {[%emt 0:00:05]} 59. Rd4 {[%emt 0:00:12]} Qf3 {[%emt 0:00:06]} 60. Qg2 {[%emt 0:00:07]} Qe3 {[%emt 0:00:10]} 61. Rg4 {[%emt 0:00:07]} Qe6 {[%emt 0:00:26]} 62. Qe4 {[%emt 0:00:07]} Qf7 {[%emt 0:00:10]} 63. Kg2 {[%emt 0:00:11]} Qa2+ {[%emt 0:00:04]} 64. Kh3 {[%emt 0:00:01]} Qf7 {[%emt 0:00:01]} 65. Qd3 {[%emt 0:00:09]} Kh6 {[%emt 0:00:10]} 66. b5 {[%emt 0:00:35]} axb5 {[%emt 0:00:10]} 67. a6 {[%emt 0:00:01]} Bc5 {[%emt 0:00:18]} 68. Qxb5 {[%emt 0:00:02]} Qf2 {[%emt 0:00:14]} 69. Qd3 {[%emt 0:00:13]} Qf6 {[%emt 0:00:14]} 70. Rf4 {[%emt 0:00:19]} Qc6 {[%emt 0:00:08]} 71. Rf3 {[%emt 0:00:09]} Bb6 {[%emt 0:00:06]} 72. g4 {[%emt 0:00:07]} Qa4 {[%emt 0:00:18]} 73. Qd2+ {[%emt 0:00:11]} Kg7 {[%emt 0:00:06]} 74. Qc3+ {[%emt 0:00:12]} Kh7 {[%emt 0:00:20]} 75. Rf7+ 1-0

[Event "8th Holuj-Radzikowska Rapid 2018"]
[Site "Wroclaw"]
[Date "2018.12.10"]
[Round "1"]
[White "Zawadzka, Jolanta"]
[Black "Javakhishvili, Lela"]
[Result "1/2-1/2"]
[WhiteElo "2423"]
[BlackElo "2464"]
[Annotator "ChessBase"]
[PlyCount "107"]
[EventDate "2018.11.26"]
[EventType "schev"]
[EventCountry "POL"]
[SourceTitle "playchess.com"]
[Source "ChessBase"]
[SourceQuality "1"]
[WhiteTeam "Poland"]
[BlackTeam "World"]
[WhiteTeamCountry "POL"]
[TimeControl "900+10"]

1. e4 {[%emt 0:00:00]} c5 {[%emt 0:00:00]} 2. Nf3 {[%emt 0:00:00]} Nc6 {[%emt 0:00:00]} 3. d4 {[%emt 0:00:00]} cxd4 {[%emt 0:00:00]} 4. Nxd4 {[%emt 0:00:00]} g6 {[%emt 0:00:00]} 5. c4 {[%emt 0:00:00]} d6 {[%emt 0:00:01]} 6. Nc3 {[%emt 0:00:02]} Nf6 {[%emt 0:00:09]} 7. Be2 {[%emt 0:00:06]} Nxd4 {[%emt 0:00:02]} 8. Qxd4 {[%emt 0:00:02]} Bg7 {[%emt 0:00:02]} 9. O-O {[%emt 0:00:22]} O-O {[%emt 0:00:02]} 10. Qd3 {[%emt 0:00:02]} Nd7 {[%emt 0:00:02]} 11. Bd2 {[%emt 0:01:00]} a5 {[%emt 0:02:05]} 12. b3 {[%emt 0:00:18]} Nc5 {[%emt 0:00:16]} 13. Qe3 {[%emt 0:00:09]} Ne6 {[%emt 0:00:23]} 14. Rac1 {[%emt 0:00:15]} Nd4 {[%emt 0:00:11]} 15. Rfd1 {[%emt 0:01:39]} e5 {[%emt 0:03:28]} 16. Nb5 {[%emt 0:01:50]} f5 {[%emt 0:00:02]} 17. Nxd4 {[%emt 0:01:19]} exd4 {[%emt 0:00:04]} 18. Qd3 {[%emt 0:00:02]} Qh4 {[%emt 0:03:27]} 19. Bf3 {[%emt 0:00:44]} f4 {[%emt 0:00:15]} 20. c5 {[%emt 0:00:54]} g5 {[%emt 0:00:13]} 21. g3 {[%emt 0:00:37]} Qh6 {[%emt 0:00:05]} 22. cxd6 {[%emt 0:00:17]} Qxd6 {[%emt 0:00:09]} 23. gxf4 {[%emt 0:01:52]} gxf4 {[%emt 0:01:12]} 24. Kh1 {[%emt 0:00:01]} Be6 {[%emt 0:00:42]} 25. Rg1 {[%emt 0:01:02]} Rf7 {[%emt 0:00:16]} 26. Rg5 {[%emt 0:01:31]} a4 {[%emt 0:01:50]} 27. e5 {[%emt 0:00:07]} Qd7 {[%emt 0:00:01]} 28. Rcg1 {[%emt 0:01:28]} Kh8 29. bxa4 {[%emt 0:00:44]} Rxa4 {[%emt 0:02:43]} 30. Be4 {[%emt 0:01:34]} Rxa2 {[%emt 0:00:50]} 31. f3 {[%emt 0:00:48]} Bd5 {[%emt 0:01:00]} 32. Bxd5 {[%emt 0:01:15]} Qxd5 {[%emt 0:00:01]} 33. Rh5 {[%emt 0:00:14]} h6 {[%emt 0:00:12]} 34. Bc1 {[%emt 0:00:15]} Ra6 {[%emt 0:00:23]} 35. Bb2 {[%emt 0:00:03]} Re6 {[%emt 0:00:14]} 36. Bxd4 {[%emt 0:00:05]} Rd7 {[%emt 0:00:03]} 37. Rd1 {[%emt 0:00:03]} Kg8 {[%emt 0:00:14]} 38. Kg2 {[%emt 0:00:05]} Rxe5 {[%emt 0:00:23]} 39. Bxe5 {[%emt 0:00:31]} Qxd3 {[%emt 0:00:01]} 40. Rxd3 {[%emt 0:00:01]} Rxd3 {[%emt 0:00:01]} 41. Bxf4 {[%emt 0:00:08]} Kh7 {[%emt 0:00:06]} 42. Rb5 {[%emt 0:00:01]} Rd7 {[%emt 0:00:03]} 43. Kg3 {[%emt 0:00:08]} Kg6 {[%emt 0:00:01]} 44. h4 {[%emt 0:00:03]} Bd4 {[%emt 0:00:24]} 45. h5+ {[%emt 0:00:03]} Kh7 {[%emt 0:00:10]} 46. Kg4 {[%emt 0:00:04]} b6 {[%emt 0:00:09]} 47. Be5 {[%emt 0:00:31]} Bxe5 {[%emt 0:00:18]} 48. Rxe5 {[%emt 0:00:01]} Rb7 {[%emt 0:00:15]} 49. Rb5 {[%emt 0:00:01]} Kg7 {[%emt 0:00:03]} 50. f4 {[%emt 0:00:01]} Kf6 {[%emt 0:00:03]} 51. Rf5+ {[%emt 0:00:02]} Ke6 {[%emt 0:00:05]} 52. Rb5 {[%emt 0:00:03]} Kf6 {[%emt 0:00:24]} 53. Rf5+ {[%emt 0:00:02]} Ke6 {[%emt 0:00:01]} 54. Rb5 {[%emt 0:00:02] Ke5} 1/2-1/2

[Event "8th Holuj-Radzikowska Rapid 2018"]
[Site "Wroclaw"]
[Date "2018.12.10"]
[Round "1"]
[White "Szczepkowska, Karina"]
[Black "Abdumalik, Zhansaya"]
[Result "1/2-1/2"]
[WhiteElo "2408"]
[BlackElo "2470"]
[Annotator "TA"]
[PlyCount "143"]
[EventDate "2018.11.26"]
[EventType "schev"]
[EventCountry "POL"]
[SourceTitle "playchess.com"]
[Source "ChessBase"]
[SourceQuality "1"]
[WhiteTeam "Poland"]
[BlackTeam "World"]
[WhiteTeamCountry "POL"]

{[%evp 19,143,38,43,12,62,45,84,31,115,93,152,153,168,157,159,158,218,220,220,191,230,206,235,157,264,264,268,271,357,358,363,358,354,344,381,374,427,329,337,340,341,335,333,333,364,368,339,302,492,493,489,464,447,433,422,417,634,373,365,287,385,391,374,328,347,318,314,256,254,0,279,136,216,0,0,-20,-17,-25,-20,-75,-70,-76,-72,-232,-239,-225,-163,-162,-117,-112,-23,-234,-125,-150,-50,-74,-50,-50,-50,-50,0,0,-26,-80,-8,-8,-8,-8,-8,-8,-10,-50,-15,-50,-15,-15,-15,-51,-51,-51,-12,-12,0,-12,0,-51]} 1. d4 Nf6 2. c4 g6 3. Nc3 d5 4. cxd5 Nxd5 5. e4 Nxc3 6. bxc3 Bg7 7. Nf3 c5 8. Rb1 O-O 9. Be2 Qc7 10. O-O b6 {LiveBook: 104 Games} 11. Bd2 {D85: Exchange Grünfeld: Unusual White 7th moves and lines with 7 Nf3} (11. Be3 Bb7 12. Bd3 Nd7 13. e5 Bd5 14. Ng5 Bxa2 15. Ra1 Bd5 16. Qg4 c4 17. Bc2 Qc6 18. Qh4 h6 19. Nh3 Bxg2 {1-0 (58) Perez Ponsa,F (2577)-Howell,D (2685) Gibraltar 2016}) 11... h6 $146 ({Predecessor:} 11... e6 12. d5 exd5 13. exd5 Nd7 14. c4 Ne5 15. Rb3 Nxf3+ 16. Rxf3 Be5 17. h3 Re8 18. Bd3 Bd7 {½-½ (38) Dutra Neto,A (2465)-Fenwick,J (2437) ICCF email 2013}) 12. Re1 Rd8 13. Qc1 ({White should try} 13. d5 $16) 13... g5 (13... cxd4 $14 14. cxd4 Qxc1 15. Rbxc1 (15. Rexc1 Bb7 $11) 15... Bb7) 14. d5 e5 (14... Qd6 $142) 15. h4 f6 16. Nh2 {[%cal Bf3h2,Bh2g4,Bg4e3,Be3f5][%mdl 32]} ({Don't play} 16. hxg5 fxg5 17. c4 Nd7 $16) 16... Qf7 17. Qd1 Nd7 (17... Na6 $16 18. Bh5 Qe7) 18. Bh5 $18 Qe7 19. Ng4 Nf8 20. Ne3 Rb8 21. Bg4 Ba6 (21... Bxg4 $16 {keeps fighting.} 22. Qxg4 Ng6) 22. Nf5 Qc7 23. Re3 Ng6 24. hxg5 hxg5 25. Rh3 Bc8 26. Qf3 b5 27. g3 c4 28. Qh1 Bxf5 29. Bxf5 ({Weaker is} 29. exf5 Ne7 $11) 29... Nf8 30. Qf3 a5 31. Kg2 Rd6 32. Qg4 b4 33. Rhh1 Rdb6 $2 (33... b3 {is a better defense.} 34. Bc1 Rdb6) 34. cxb4 axb4 35. Rhc1 c3 36. Be3 Ra6 37. Qe2 Qa5 (37... Ra3 $142 38. Qd3 Nd7 39. Be6+ Kf8 40. Bxd7 Qxd7 41. Rxb4 {[%mdl 64] Decoy} Rxb4 42. Bc5+ {[%mdl 64] Double Attack, Skewer} Kf7) 38. Rc2 Qb5 39. Bg4 {Qxb5 is the strong threat.} Ra3 40. Qxb5 Rxb5 41. Be2 Rb7 {If Black can now play ...Nd7 this consolidates a bit.} 42. Bc4 Nd7 43. Bc1 Raa7 44. Be3 Ra3 $1 45. Bb3 (45. d6+ $18 {is the precise move to win.} Kh7 46. Bd5) 45... Bf8 (45... Rb8 $16 {was worth a try.}) 46. Bc1 $2 ({White must play} 46. d6+ $1 $18 Kh8 47. Bd5) 46... Ra5 $11 47. d6+ Kg7 48. Bd5 Rb6 49. Be3 (49. a3 $11 Bxd6 50. axb4 Rxb4 51. Bb3) 49... Rxd6 $17 50. Kf3 Be7 51. Ke2 $2 {[#]} (51. Bb7 $17) 51... f5 $1 $19 {[%mdl 512]} 52. f3 (52. exf5 Rdxd5) 52... Rh6 53. Kd3 Rh3 54. Be6 fxe4+ ({Black should play} 54... Nf6 $17 55. Bxf5 Rxg3) 55. fxe4 $2 (55. Kc4 $11 Rxg3 56. Bxd7 exf3 57. Rh1) 55... Rh6 (55... Rxg3 $19 56. Bxd7 Bc5) 56. Bd5 Raa6 (56... Rd6 $17 57. Rh2 Nf6) 57. Rf2 Rhf6 {Threatens to win with ...Rxf2.} 58. Rbf1 Rxf2 59. Rxf2 {Strongly threatening Rf7+.} Nc5+ 60. Bxc5 Bxc5 $11 {[%mdl 4096] Endgame KRB-KRB} 61. Rf5 {[#]} (61. Rf7+ $1 $11 Kg6 62. g4) 61... Kg6 ({Better is} 61... g4 $1 $17 {White should prevent ...Bd4.} 62. Rxe5 Rf6 63. Rg5+ Kh6) 62. Rxe5 Rf6 {And now ...Rf3+ would win.} 63. Re6 Rxe6 64. Bxe6 {KB-KB} Kf6 65. Bc8 Ke5 (65... Bf2 $5 {[%cal Rf2g3]} 66. g4 Ke5 $15) 66. g4 Bd6 67. Bf5 Kf4 68. Bd7 Kf3 69. Be6 Kf2 70. Bb3 {The position is equal.} Ke1 71. Ba4 Kf2 72. Bb3 {Accuracy: White = 51%, Black = 34%.} 1/2-1/2

[Event "8th Holuj-Radzikowska Rapid 2018"]
[Site "Wroclaw"]
[Date "2018.12.10"]
[Round "2"]
[White "Harika, Dronavalli"]
[Black "Zawadzka, Jolanta"]
[Result "1/2-1/2"]
[WhiteElo "2494"]
[BlackElo "2423"]
[Annotator "TA"]
[PlyCount "141"]
[EventDate "2018.11.26"]
[EventType "schev"]
[EventCountry "POL"]
[SourceTitle "playchess.com"]
[Source "ChessBase"]
[SourceQuality "1"]
[WhiteTeam "World"]
[BlackTeam "Poland"]
[BlackTeamCountry "POL"]

{[%evp 12,141,10,15,19,2,0,-8,27,22,33,6,7,-6,16,0,4,-22,-28,-31,-35,-81,5,0,0,0,0,0,0,0,16,0,14,12,91,104,125,125,125,122,117,141,104,80,72,79,80,67,111,104,116,19,83,54,93,51,178,175,158,168,267,178,161,139,291,277,310,90,93,94,105,105,90,92,100,104,79,33,29,0,0,0,0,0,0,0,0,0,0,0,0,-8,0,0,0,0,0,0,0,0,0,0,0,0,0,0,0,0,0,0,0,0,0,0,0,0,0,0,0,0,0,0,0,0,0,0,0,0,0,0,0,0]} 1. d4 d5 2. Bg5 h6 3. Bh4 c6 4. Nf3 Qb6 5. Qc1 Bg4 6. Nbd2 {D00: 1 d4 d5: Unusual lines} Nd7 7. e3 {LiveBook: 6 Games} Ngf6 8. Bd3 e6 9. O-O Bxf3 10. Nxf3 Bd6 11. c3 $146 ({Predecessor:} 11. c4 c5 12. b4 Qxb4 {½-½ (26) Shabalov,A (2600)-Rogozenco,D (2405) Moscow 1994}) 11... Qc7 12. Qc2 O-O 13. Rfe1 Rfe8 14. e4 dxe4 15. Bxe4 Nxe4 16. Qxe4 Nf8 (16... f5 $1 $17 {[%cal Rf5e4]} 17. Qc2 Nf8) 17. Bg3 Bxg3 18. hxg3 Nd7 19. Rad1 Rad8 20. Qf4 Qa5 21. a3 Nf6 22. Ne5 {[%cal Bf3e5,Be5c4,Bc4d6][%mdl 32]} c5 (22... Qb6 $11) 23. Nc4 $1 $16 {[%cal Rc4a5]} Qa4 24. Nd6 Re7 25. dxc5 Qxf4 26. gxf4 Red7 27. Rd4 b6 28. b4 bxc5 29. bxc5 Nd5 30. f5 $36 {[%mdl 2048] Nxf7! is the strong threat. White is on the roll.} Nc7 31. Rg4 (31. Red1 $16 {Black must now prevent c6.} e5 32. R4d3) 31... Kf8 (31... Na6 $11) 32. Ra4 a6 33. g4 Rb8 ({Better is} 33... exf5 $14 34. Nxf5 (34. gxf5 Ne8 $14) 34... Ne6) 34. Rb4 $18 Rbd8 35. Rb7 h5 (35... Re7 {might work better.} 36. Ra7 Nd5 37. Rxa6 Nf4) 36. f3 ({But not} 36. gxh5 $6 exf5 37. Nxf5 Rd5 $18) 36... hxg4 37. fxg4 Ke7 $2 (37... Nd5 $16 38. Rxd7 Rxd7 39. fxe6 fxe6 40. Rxe6 Re7 41. Rxe7 Kxe7 42. Nf5+ Kd7 43. Nxg7 Nxc3) 38. c4 Ne8 39. fxe6 $2 (39. Rxd7+ $18 {is the precise move to win.} Rxd7 40. Nxf7 $1 {[%mdl 512]}) 39... fxe6 $16 {[#]} 40. Rxd7+ $1 Kxd7 $18 {[%mdl 4096] Endgame KRN-KRN} 41. Nf7 Rc8 42. Ne5+ Ke7 43. c6 Nd6 44. c5 Nf7 45. Kf2 Nxe5 {The position is equal.} 46. Rxe5 $11 {KR-KR} Kf6 47. Re4 Rxc6 48. Rc4 Ke5 49. Ke3 Kd5 50. Rd4+ Kxc5 51. Rd7 Rb6 52. Rxg7 Rb3+ 53. Kf4 Rxa3 54. g5 Ra1 55. Ke5 Re1+ 56. Kf6 a5 57. g6 Rg1 58. Rh7 Kb4 59. Rh4+ Kb3 60. Rh3+ (60. g7 {looks sharper.} a4 61. Kf7 a3 62. Rh3+ Kb4 63. g8=Q) 60... Kb4 61. Rh4+ Kb3 62. Rh5 a4 63. Rb5+ Kc2 64. Ra5 Kb3 65. g7 Rxg7 66. Kxg7 {KR-KPP} a3 67. Kf6 a2 68. Kxe6 Kb2 69. Kd5 a1=Q 70. Rxa1 Kxa1 71. Ke5 {Accuracy: White = 49%, Black = 54%.} 1/2-1/2